Prickly and soft animals / (Record no. 1474)

MARC details
000 -LEADER
fixed length control field 00980nam a22002417a 4500
005 - DATE AND TIME OF LATEST TRANSACTION
control field 20250110101742.0
020 ## - INTERNATIONAL STANDARD BOOK NUMBER
International Standard Book Number 9781899762224
040 ## - CATALOGING SOURCE
Original cataloging agency FISKH
Language of cataloging eng
082 ## - DEWEY DECIMAL CLASSIFICATION NUMBER
Classification number 591
100 ## - MAIN ENTRY--PERSONAL NAME
Personal name Carwardine, Mark
245 ## - TITLE STATEMENT
Title Prickly and soft animals /
Statement of responsibility, etc. Illustrated by Martin Camm, John Francis and Dick Twinny
250 ## - EDITION STATEMENT
Edition statement This edition first published 1997 by Hours Editions Limited
260 ## - PUBLICATION, DISTRIBUTION, ETC.
Place of publication, distribution, etc. London :
Name of publisher, distributor, etc. Ilex Publishers,
Date of publication, distribution, etc. 1988
300 ## - PHYSICAL DESCRIPTION
Extent 24 pages :
Dimensions 19 cm
490 ## - SERIES STATEMENT
Materials specified Animal Opposites
505 ## - FORMATTED CONTENTS NOTE
Formatted contents note F
520 ## - SUMMARY, ETC.
Summary, etc. "This set of charmingly written and beautifully illustrated books makes an ideal introduction to the delightful world of animals. A wide variety of animals, their basic features and habits, are brought alive using the simple concept of opposites, couples with artwork that is full of character ad colour." - the publisher
521 ## - TARGET AUDIENCE NOTE
Target audience note 420 <br/>
Source Lexile estimate
521 ## - TARGET AUDIENCE NOTE
Target audience note F <br/>
Source Raz-Plus
650 ## - SUBJECT ADDED ENTRY--TOPICAL TERM
Topical term or geographic name entry element animals
942 ## - ADDED ENTRY ELEMENTS (KOHA)
Source of classification or shelving scheme Dewey Decimal Classification
Koha item type Books
Suppress in OPAC No
999 ## -
-- 1474
-- 1474
Holdings
Withdrawn status Lost status Source of classification or shelving scheme Damaged status Not for loan Collection Home library Current library Shelving location Date acquired Total Checkouts Full call number Barcode Date last seen Price effective from Koha item type
    Dewey Decimal Classification     Non-Fiction Footprints International School Library Network Toul Kork Campus Footprints International School Library Network Toul Kork Campus TK Primary Library Room(4th Floor), Bookcase 1&2, Shelves 1-16, Dark Blue Books 01/10/2025   CAR 591 2025-0022 08/25/2023 01/10/2025 Books